Об окраске синтетического флюорита и о вкрапленном в него графите; Известия Томского политехнического института [Известия ТПИ]; Т. 297 : Геология
| Parent link: | Известия Томского политехнического института [Известия ТПИ]/ Томский политехнический институт (ТПИ).— , 1944-1976 Т. 297 : Геология.— 1975.— [С. 37-45] |
|---|---|
| 1. autor: | |
| Streszczenie: | Заглавие с титульного листа Электронная версия печатной публикации Окраска флюоритов давно привлекает к себе внимание исследователей. Автор исследовал синтетический флюорит, который, исходя из весьма высокой чистоты материалов, ожидался оптически бесцветным. На деле полученный флюорит неравномерно окрашен в зеленый и синий цвета различной интенсивности. Исследование этого кристалла в тонких пластинках, параллельных {III}, показало, что флюорит в различной степени переполнен дисперсно-рассеянным графитом. Графит присутствует в форме гексагональных кристалликов. Его пластинчатые кристаллики откладываются на поверхностях граней октаэдра. В проходящем свете тонкие пластинки графита просвечивают или почти прозрачны, ясно плеохроируют от светло-зеленого до бледно-синеватого. В отраженном свете блеск металловидный. Показатель преломления около 2. Что касается самого флюорита, то его пластинки, параллельные {III}, после травления соляной кислотой показали, что они сплошь усеяны ориентированными вершинами очень мелких кубиков. Общая картина травления поверхности напоминает сложение кристаллов полиэдрами, по Гаюи. Причина окраски изучаемых флюоритов ясна: она 'определяется дисперсно-рассеянным графитом. |
| Język: | rosyjski |
| Wydane: |
1975
|
| Hasła przedmiotowe: | |
| Dostęp online: | http://www.lib.tpu.ru/fulltext/v/Bulletin_TPU/1975/v297/09_bw.pdf http://www.lib.tpu.ru/fulltext/v/Bulletin_TPU/1975/v297/09_full.pdf |
| Format: | MixedMaterials Elektroniczne Rozdział |
| KOHA link: | https://koha.lib.tpu.ru/cgi-bin/koha/opac-detail.pl?biblionumber=240515 |
MARC
| LEADER | 00000nla2a2200000 4500 | ||
|---|---|---|---|
| 001 | 240515 | ||
| 005 | 20231031205720.0 | ||
| 035 | |a (RuTPU)RU\TPU\book\261772 | ||
| 090 | |a 240515 | ||
| 100 | |a 20130621d1975 k y0rusy50 ca | ||
| 101 | 0 | |a rus | |
| 102 | |a RU | ||
| 135 | |a drnn ---uucaa | ||
| 181 | 0 | |a i | |
| 182 | 0 | |a b | |
| 200 | 1 | |a Об окраске синтетического флюорита и о вкрапленном в него графите |b Электронный ресурс |f А. М. Кузьмин | |
| 203 | |a Текст |c электронный | ||
| 215 | |a 2 файла (861 Кб, 17.1 Мб) | ||
| 230 | |a Электронные текстовые данные (2 файла : 861 Кб, 17.1 Мб) | ||
| 300 | |a Заглавие с титульного листа | ||
| 300 | |a Электронная версия печатной публикации | ||
| 320 | |a [Библиогр.: с. 45 (31 назв.)] | ||
| 330 | |a Окраска флюоритов давно привлекает к себе внимание исследователей. Автор исследовал синтетический флюорит, который, исходя из весьма высокой чистоты материалов, ожидался оптически бесцветным. На деле полученный флюорит неравномерно окрашен в зеленый и синий цвета различной интенсивности. Исследование этого кристалла в тонких пластинках, параллельных {III}, показало, что флюорит в различной степени переполнен дисперсно-рассеянным графитом. Графит присутствует в форме гексагональных кристалликов. Его пластинчатые кристаллики откладываются на поверхностях граней октаэдра. В проходящем свете тонкие пластинки графита просвечивают или почти прозрачны, ясно плеохроируют от светло-зеленого до бледно-синеватого. В отраженном свете блеск металловидный. Показатель преломления около 2. Что касается самого флюорита, то его пластинки, параллельные {III}, после травления соляной кислотой показали, что они сплошь усеяны ориентированными вершинами очень мелких кубиков. Общая картина травления поверхности напоминает сложение кристаллов полиэдрами, по Гаюи. Причина окраски изучаемых флюоритов ясна: она 'определяется дисперсно-рассеянным графитом. | ||
| 337 | |a Adobe Reader | ||
| 461 | 1 | |0 (RuTPU)RU\TPU\book\200995 |t Известия Томского политехнического института [Известия ТПИ] |f Томский политехнический институт (ТПИ) |d 1944-1976 | |
| 463 | 1 | |0 (RuTPU)RU\TPU\book\261758 |t Т. 297 : Геология |v [С. 37-45] |d 1975 |p 138 с. | |
| 610 | 1 | |a электронный ресурс | |
| 610 | 1 | |a труды учёных ТПУ | |
| 675 | |a 549.454.2 |v 3 | ||
| 700 | 1 | |a Кузьмин |b А. М. |c российский геолог |c профессор Томского политехнического института |f 1891-1980 |g Алексей Михайлович |2 stltpush |3 (RuTPU)RU\TPU\pers\13901 | |
| 801 | 1 | |a RU |b 63413507 |c 20130621 | |
| 801 | 2 | |a RU |b 63413507 |c 20130702 |g RCR | |
| 856 | 4 | |u http://www.lib.tpu.ru/fulltext/v/Bulletin_TPU/1975/v297/09_bw.pdf |x Черно-белая версия для предварительного просмотра | |
| 856 | 4 | |u http://www.lib.tpu.ru/fulltext/v/Bulletin_TPU/1975/v297/09_full.pdf |x Цветная версия без потери качества | |
| 942 | |c CF | ||